Business lease renewals (Record no. 105437)

MARC details
000 -LEADER
fixed length control field 02033cam a2200301 4500
001 - CONTROL NUMBER
control field ##L133622
008 - FIXED-LENGTH DATA ELEMENTS--GENERAL INFORMATION
fixed length control field 060524n2006 000 0 eng u
020 ## - INTERNATIONAL STANDARD BOOK NUMBER
International Standard Book Number 0728204789
035 ## - SYSTEM CONTROL NUMBER
System control number (Sirsi) u133622
041 0# - LANGUAGE CODE
Language code of text/sound track or separate title eng
050 04 - LIBRARY OF CONGRESS CALL NUMBER
Classification number 346.4104343 $2 18
100 1# - MAIN ENTRY--PERSONAL NAME
Personal name Freedman, Phillip
245 00 - TITLE STATEMENT
Title Business lease renewals
Remainder of title the new law and practice
260 ## - PUBLICATION, DISTRIBUTION, ETC.
Place of publication, distribution, etc. London
Name of publisher, distributor, etc. EG Books
Date of publication, distribution, etc. 2006
300 ## - PHYSICAL DESCRIPTION
Extent xviii, 215p.
Dimensions 25cm
350 ## - PRICE (NR) (BK AM CF MU VM SE) [OBSOLETE]
Price 38
505 0# - FORMATTED CONTENTS NOTE
Formatted contents note Overview of the Act -- Tenancies to which the Act applies -- Contracting out -- Continuation and termination of tenancies -- Preliminary matters -- Landlord's s25 notices -- Tenant's s26 requests -- Landlord's opposition to renewal -- Dealing with subtenants -- Court applications and procedure -- Interim rent -- The new tenancy -- Agreements and court orders for new tenancies -- Compensation for non-renewal --Compensation for improvements -- Glossary. Appendices containing the Landlord and Tenant Act 1954 Part II showing amendments, and Scheds 1-4 of the Regulatory Reform (Business Tenancies) (England and Wales) Order 2003.
520 ## - SUMMARY, ETC.
Summary, etc. All property professionals who deal with commercial property need to have a thorough knowledge of the Landlord and Tenant Act 1954 Part II which governs the rights of business tenants to obtain renewals of their leases. The Act was radically amended by a Regulatory Reform Order as from 1 June 2004. Gives a clear explanation of the workings of the Act while the old law is included for those situations where it may still be relevant. Provides detailed guidance on practice.
590 ## - LOCAL NOTE (RLIN)
Local note IKA040706
650 24 - SUBJECT ADDED ENTRY--TOPICAL TERM
Topical term or geographic name entry element LANDLORD AND TENANT ACT 1954 PART II
650 24 - SUBJECT ADDED ENTRY--TOPICAL TERM
Topical term or geographic name entry element REGULATORY REFORM (BUSINESS TENANCIES) (ENGLAND AND WALES) ORDER 2003
651 #4 - SUBJECT ADDED ENTRY--GEOGRAPHIC NAME
Geographic name England and Wales
Chronological subdivision 1543-
690 ## - LOCAL SUBJECT ADDED ENTRY--TOPICAL TERM (OCLC, RLIN)
Topical term or geographic name as entry element PROPERTY-COMMERCIAL PROPERTY-LEASEHOLD COMMERCIAL PROPERTY-COMMERCIAL LANDLORD AND TENANT-COMMERCIAL LEASES-COMMERCIAL LEASE RENEWAL
700 1# - ADDED ENTRY--PERSONAL NAME
Personal name Shapiro, Eric F.
700 1# - ADDED ENTRY--PERSONAL NAME
Personal name Steele, Kevin
942 ## - ADDED ENTRY ELEMENTS (KOHA)
Suppress in OPAC 0
Holdings
Withdrawn status Lost status Source of classification or shelving scheme Damaged status Not for loan Home library Current library Shelving location Date acquired Cost, normal purchase price Total Checkouts Full call number Barcode Date last seen Date last checked out Copy number Cost, replacement price Price effective from Koha item type
    Dewey Decimal Classification     London London Books 03/06/2008 39.99 11 346.4104343 FRE 30074438 06/08/2019 20/01/2010 2 39.99 06/08/2019 Book